Concepts of aquaculture / (Record no. 18103)

MARC details
000 -LEADER
fixed length control field 00820nam a22002297a 4500
008 - FIXED-LENGTH DATA ELEMENTS--GENERAL INFORMATION
fixed length control field 081106t xxu||||| |||| 00| 0 eng d
010 ## - LCCN (DPL NO)
LC control number ENG-91516
020 ## - INTERNATIONAL STANDARD BOOK NUMBER
Terms of availability 235.00
035 ## - SYSTEM CONTROL NUMBER
System control number EN-75049
037 ## - SOURCE OF ACQUISITION
Source of stock number/acquisition DBAD / PUB
040 ## - CATALOGING SOURCE
Original cataloging agency dpl
Language of cataloging English
082 ## - DEWEY DECIMAL CLASSIFICATION NUMBER
Classification number 639.8
100 ## - MAIN ENTRY--PERSONAL NAME
Personal name Venkadesh, B.
245 ## - TITLE STATEMENT
Title Concepts of aquaculture /
Statement of responsibility, etc by B. Venkadesh
260 ## - PUBLICATION, DISTRIBUTION, ETC. (IMPRINT)
Place of publication, distribution, etc Nagercoil
Name of publisher, distributor, etc VSA Publication
Date of publication, distribution, etc 2008
270 ## - ADDRESS
Address 724-K.P. Road, Ramavarmapuram,
City Nagercoil (Kanyakumari)
Postal code 629001
300 ## - PHYSICAL DESCRIPTION
Extent unpaged :
Dimensions 30cm (pbk)
Other physical details ill.
500 ## - GENERAL NOTE
General note Includes glossary
650 ## - SUBJECT ADDED ENTRY--TOPICAL TERM
Topical term or geographic name as entry element Aquaculture
942 ## - ADDED ENTRY ELEMENTS (KOHA)
Source of classification or shelving scheme Dewey Decimal Classification
Item type English Books
Call number suffix VEN
Classification part 639.8
Holdings
Withdrawn status Lost status Source of classification or shelving scheme Damaged status Not for loan Collection code Home library Current library Date acquired Source of acquisition Cost, normal purchase price Total Checkouts Full call number Barcode Date last seen Copy number Cost, replacement price Koha item type
    Dewey Decimal Classification   Not For Loan Non-fiction D.B.Act.Division D.B.Act.Division 06/11/2008 DBAD / PUB 235.00   639.8 VEN EN-75049 06/11/2008 1 235.00 English Books

© Delhi Public Library
Hit Counter
free hit counter